Quizzes
Events
Quiz Creation
Community
Videos
Private Events
Remove Ads
Sign In
Join for FREE
Feedback
Dark Mode
Quiz Categories
Sports
Geography
Music
Movies
Television
Just For Fun
Miscellaneous
History
Literature
Language
Science
Gaming
Entertainment
Religion
Holiday
For Kids
Quiz Lab
Recent
Popular Today
Quiz Kudos Today
Editor Picks
Curator Picks
Quizzes by...
Day
Popularity
Type
Ratings
Length
Year
Community
Subscriptions
Recent Discussions
Orange Saloon
Badges
Playlists
Quests
Create
Leaderboards
Showdown
Live 5
Trivia Bingo
Activity
Puzzle Library
Sporcle Events
Private Events
Virtual Trivia
Globe League
Become a Host
Pub Owners
SporcleCon
Opinionation
Our Games
Videos
Blog
Mobile Apps
Partnerships
Remove Ads and Go Orange
Feedback
Language
Vocabulary
Begins and Ends
Definition
Spanish
French
German
Italian
Chinese
Latin
Translation
Japanese
Language
Vocabulary
Begins and Ends
Definition
Spanish
French
German
Italian
Chinese
Latin
Translation
Japanese
Random Quiz
Search Sporcle
×
Quiz Lab
Quiz Lab
Language
Starting
Type in answers that appear in a list
Type in answers that appear in a list
Classic
Best Score? Go Orange.
Most Commonly Used English Words Starting with H Stats
Can you name the most commonly used English words starting with H?
By
longboard
5m
25 Questions
112 Plays
112 Plays
112 Plays
Comments
Comments
Give Quiz Kudos
Give Quiz Kudos
-
- Ratings
hide this ad
More Info
Replay
Link that replays current quiz
Next Quiz
Link to next quiz in quiz playlist
You Got
0%
They Got
Avg Score
66%
Avg Friend Score
Upgrade to see
Score Distribution
Jump to the score distribution portion of the page
Score
0/25
Timer
05:00
0
Plays Today
Rank
Word
% Correct
16
He
97.3%
29
Her
97.3%
23
His
93.7%
58
Him
91%
69
Has
90.1%
24
Have
89.2%
85
How
86.5%
28
Had
85.6%
173
Home
82.9%
271
Hear
82%
188
House
80.2%
178
Hand
78.4%
325
Heard
68.5%
Rank
Word
% Correct
223
Head
66.7%
164
Here
65.8%
201
High
60.4%
237
Hard
60.4%
129
Help
59.5%
358
Hold
56.8%
341
Hours
36.9%
359
Himself
32%
311
Horse
30.6%
339
However
30.6%
367
Hundred
18.9%
344
Happened
15.3%
Quiz Playlist
Details
Report
Send in Message
Add To Playlist
More Info:
http://class.danomatika.com/2015/fall/systems/frequently_used_words.pdf
Classic:
Type in answers that appear in a list
Quiz Source
Last Updated: Mar 23, 2017
Quiz Scoreboard
CHALLENGE
Sign Up to Join the Scoreboard
Show All
Scores
Hide
Comments
May contain spoilers
Recently Published
An Introduction to Baseball
by treessimontrees
Sports
5m
Movies - When Are They Set?
by FPL_Elf
Movies
5m
Popular People in 1961
by mucciniale
History
6m
More to Explore
Quiz From the Vault
Featured Blog Post
Where Did the Easter Bunny Come From?
hide this ad
You Might Also Like...
Tags
English
Starting
Today's Top Quizzes in Language
Browse Language
hide this ad
Today's Top Quizzes in Starting
Browse Starting
Top Contributed Quizzes in Language
1
1-10 Letter F Words III
2
Order Up: Top 10 Most Native Spoken Languages
3
1-10 Letter G Words III
4
1-10 Letter H Words III
5
One Thing in Common: Italy
6
1-10 Letter I Words III
7
Weisst du, aus welchen Sprachen diese Wörter stammen?
8
1-10 Letter J Words III
9
Begins and Ends With AN
10
Hiragana Speed Reading
Explore More
Trending Topics
NBA
Disney
Anime
Marvel
Kpop
Crossword
Harry Potter
WWE
Song
Puzzle
Soccer
Pokémon
Country
The Office
NFL
hide this ad
More By:
longboard
Quiz
Plays
Rating
Category
Featured
Created
Countries of the Americas A-Z
73,244
4.69
Geography
May 7, 2015
'S' African Countries
62,120
4.60
Geography
May 8, 2015
First and Last Five Countries: World
54,875
4.68
Geography
Jun 12, 2015
Island Nations A-Z
50,268
4.50
Geography
May 7, 2015
Amazon Rainforest Countries
46,845
3.88
Geography
Apr 1, 2014
Go to Creator's Profile
Score Distribution
Quiz Creator Spotlight
longboard
Follow
Send a Message
Quizzes Created
-
Created Quiz Play Count
-
More By This Creator
Popular Quizzes Today
1
Find the Countries of Europe - No Outlines Minefield
2
Find the US States - No Outlines Minefield
3
The Countries of the World
4
Popular People in 1961
5
US States
6
Find the US States
7
1-10 Letter E Words III
8
Risky Map Clicking: Biggest States A-Z
More Language Quizzes
Ends with 'tract'
Editor's Pick
Trending Quizzes
Risky Map Clicking: Least Populous States A-Z
1-10 Letter F Words
1-10 Letter G Words
One Thing in Common: United Kingdom
Risky Map Clicking: Next State Alphabetically
Recently Updated
Leaping Animals
pecheneg
Reality TV Shows (A-Z)
bhenderson79
Rickey Henderson's Hall of Fame Teammates
pecheneg
Champions League XIs: Arsenal
pecheneg
Quick Pick: Celebrities in WWE's Hall of Fame
aduchscher
A-Z Keypad Blitz II
pecheneg
Multiple Oscar Actors
pecheneg
Mystery Phrase Blitz: Oscar 'Best Actors'
pecheneg
F. Scott Fitzgerald Novels
LTH
Pick 3 Villains
ddd62291
Trending Topics
Disney
Marvel
Harry Potter
NBA
Kpop
Crossword
Anime
The Office
Song
WWE
Soccer
Pokémon
NFL
Puzzle
Country
Your Account Isn't Verified!
In order to create a playlist on Sporcle, you need to verify the email address you used during registration. Go to your
Sporcle Settings
to finish the process.
Report this User
Report this user for behavior that violates our
Community Guidelines
.
Details:
Send Report
Go to the Sporcle.com Mobile Site →
Comments